| 000 | 00736nam a2200265Ia 4500 | ||
|---|---|---|---|
| 003 | OSt | ||
| 005 | 20221006160222.0 | ||
| 006 | a|||||r|||| 00| 0 | ||
| 007 | ta | ||
| 008 | 221006b |||||||| |||| 00| 0 eng d | ||
| 020 |
_a9781550228250 _c _24.95 |
||
| 024 | _a44,642 | ||
| 037 |
_bGift, Window on Korea _cTextual |
||
| 040 |
_aEASL _cEASL _beng |
||
| 041 |
_2eng _aeng |
||
| 082 | _aMY24.495v, Q1 | ||
| 100 |
_aGillis Alex _9672465 |
||
| 245 | 0 |
_aKilling art _b The untold history of Yae Kwon Do |
|
| 260 |
_aToronto _bECW Press _c2011 |
||
| 300 |
_a258p. _ccm. |
||
| 490 | _v KEL | ||
| 650 | _aKEL | ||
| 942 |
_hMY24.495v, Q1 _cTEXL _2CC |
||
| 999 |
_c1112734 _d1112734 |
||